| 000 | 00368cam a2200157ua 4500 | ||
|---|---|---|---|
| 041 |
_aeng _h |
||
| 082 |
_a928.21 _bGEO/KR |
||
| 100 | _aGeorge, T J S . | ||
| 245 |
_aKrishna Menon / _cT J S George. _hTextual Documents |
||
| 260 |
_aLondon : _bJonathan Cape , _c1964. |
||
| 300 | _a272 ; . | ||
| 504 | _a | ||
| 650 | _aBiography | ||
| 942 | _cBK | ||
| 999 |
_c516 _d516 |
||